000
00151nam a22000857a 4500
082
_a
823
100
_a
RONNE RANDALL
245
_a
PUISIN BOOKS
942
_c
BK
999
_c
8322
_d
8322